000 00194 a2200097 4500
020 _a9789685964746
041 _aspa
100 _aSardou romain
245 _ael peregrino del tiempo
942 _cBK
999 _c10692
_d10692